|
|
|
|
| LEADER |
00000nam a2200000 a 4500 |
| 001 |
vtls001064382 |
| 003 |
SK-MaSNL |
| 005 |
20260223211050.0 |
| 008 |
250414s1990 xo 0 slo |
| 015 |
|
|
|a SNBA1991/05
|
| 035 |
|
|
|a SNK000007211
|
| 040 |
|
|
|a SNK
|b slo
|c SNK
|e AACR2
|
| 041 |
0 |
|
|a slo
|
| 044 |
|
|
|a xo
|c SK
|
| 080 |
|
|
|a 678.743(082)
|2 1981
|
| 245 |
0 |
0 |
|a Polyvinylchlorid a kopolyméry vinylchloridu
|b 25. DNT. Príloha k zborníku prednášok. Bojnice, november 1990
|
| 250 |
|
|
|a 1. vyd.
|
| 260 |
|
|
|a Nováky
|b Pobočka ZSVTS pri Nováckych chem. závodoch
|a S.l.
|b , b.t. [vyd.]
|c 1990
|
| 300 |
|
|
|a 55 s.
|b Tb. Grafy.
|c 20 cm
|
| 500 |
|
|
|a Lit. 2. Čl. aj čes. Rozmn. 2 zázn. v slov. a nem.
|
| 852 |
|
|
|a Slovenská národná knižnica
|
| 954 |
|
|
|a polyvinylchlorid
|a vinylchlorid
|
| 958 |
|
|
|a NB
|
| 958 |
|
|
|a RM
|
| 958 |
|
|
|a OND
|
| 999 |
|
|
|c 704259
|d 706189
|
| 952 |
|
|
|t P60, <03>, [BOOK], {603}
|a SNK
|b SNK
|y PREZ
|7 0
|p 17A0207441
|o snkSC 79293/príl.
|0 0
|1 0
|4 0
|d 1999-08-25
|l 0
|r 2004-12-31 00:00:00
|w 2026-02-23
|